000 00646nam a2200205Ia 4500
003 GCL
008 140319s9999 xx 000 0 ara d
040 _aGCL /
_cGCL
082 0 4 _a658.54
_bا م
100 1 _aاحمد فهمى جلال
245 1 0 _aمقدمة فى بحوث العمليات والعلوم الادارية /
_cاحمد فهمى جلال
260 _a[S.N] :
_bدار الفكر العربى ،
_c1993
490 _a
650 0 4 _aادارة الاعمال
650 0 4 _aالادارة
650 0 4 _aالبحوث
650 0 4 _aالبحوث الادارة
650 0 4 _aالبحوث الادارية
942 _2ddc
_cBK
999 _c36304
_d36304